[Event "Hillerod-ch C"]
[Site "Hillerod"]
[Date "2004.06.08"]
[Round "7"]
[White "Hvalsoe, Erik"]
[Black "Jensen, Johannes"]
[Result "1-0"]
[WhiteElo "1480"]
[BlackElo "1399"]
[PlyCount "67"]
[EventDate "2004.04.27"]
[EventType "tourn"]
[EventRounds "7"]
[EventCountry "DEN"]
[SourceTitle "EXT 2023"]
[Source "ChessBase"]
[SourceDate "2022.10.05"]
[SourceVersion "1"]
[SourceVersionDate "2022.10.05"]
[SourceQuality "1"]

1. e4 e5 2. Nf3 Nc6 3. Bc4 Bc5 4. c3 a6 5. d4 exd4 6. cxd4 Bb4+ 7. Nc3 d6 8. 0-0 Nge7 9. a3 Bxc3 10. bxc3 Bg4 11. Bxf7+ Kd7 12. Bc4 Na5 13. Be2 Kc8 14. Rb1 Ng6 15. h3 Bxf3 16. Bxf3 Kb8 17. Qa4 c6 18. Bd2 b5 19. c4 Nb7 20. Qb3 Qb6 21. Bc3 Kc7 22. Rfd1 Rhe8 23. a4 Na5 24. c5 Nxb3 25. cxb6+ Kxb6 26. Rxb3 Nf4 27. a5+ Kc7 28. Bd2 Ne6 29. Be3 Rad8 30. Rc1 Nf8 31. e5 d5 32. Rbc3 Re6 33. Bg4 Rg6 34. Bf5 1-0